[Event "DEM U14 2018"]
[Site "Willingen GER"]
[Date "2018.05.25"]
[Round "8"]
[White "Sulayev, Daniel"]
[Black "Pahl, Theis"]
[Result "1-0"]
[Termination "normal"]
[Board "10"]
[WhiteElo "2054"]
[BlackElo "1987"]
[WhiteClock "00:15:30"]
[BlackClock "00:06:11"]
[PlyCount "165"]
[WhiteFideId "12977675"]
[BlackFideId "16201264"]
[EventCountry "GER"]
[EventRounds "9"]
[EventType "swiss"]
[EventDate "2018.05.19"]

1. e4 {[%clk 1:30:57]} 1... c5 {[%clk 1:30:56]} 2. Nf3 {[%clk 1:31:21]} 2... d6
{[%clk 1:31:20]} 3. Bb5+ {[%clk 1:31:47]} 3... Nd7 {[%clk 1:31:43]} 4. d4 {
[%clk 1:32:05]} 4... cxd4 {[%clk 1:30:12]} 5. Qxd4 {[%clk 1:32:17]} 5... a6 {
[%clk 1:29:41]} 6. Bxd7+ {[%clk 1:32:17]} 6... Bxd7 {[%clk 1:29:49]} 7. Nc3 {
[%clk 1:31:45]} 7... Nf6 {[%clk 1:18:41]} 8. Bg5 {[%clk 1:31:06]} 8... e6 {
[%clk 1:10:03]} 9. O-O-O {[%clk 1:30:42]} 9... Be7 {[%clk 1:08:47]} 10. e5 {
[%clk 1:29:33]} 10... dxe5 {[%clk 1:06:05]} 11. Nxe5 {[%clk 1:29:55]} 11... Bc6
{[%clk 1:03:23]} 12. Nxc6 {[%clk 1:28:29]} 12... bxc6 {[%clk 1:03:46]} 13. Qc4
{[%clk 1:23:09]} 13... Qc7 {[%clk 0:59:50]} 14. Bxf6 {[%clk 1:17:53]} 14...
Bxf6 {[%clk 0:59:23]} 15. Ne4 {[%clk 1:18:18]} 15... Be7 {[%clk 0:52:09]} 16.
Nc5 {[%clk 1:17:23]} 16... O-O {[%clk 0:51:42]} 17. Rd7 {[%clk 1:11:15]} 17...
Bg5+ {[%clk 0:52:01]} 18. Kb1 {[%clk 1:11:35]} 18... Qe5 {[%clk 0:50:32]} 19.
Qd4 {[%clk 0:59:19]} 19... Qxd4 {[%clk 0:44:08]} 20. Rxd4 {[%clk 0:59:05]}
20... a5 {[%clk 0:44:12]} 21. Rhd1 {[%clk 0:56:29]} 21... Rfd8 {[%clk 0:43:39]}
22. Nd7 {[%clk 0:55:51]} 22... Be7 {[%clk 0:42:19]} 23. R1d3 {[%clk 0:54:05]}
23... f6 {[%clk 0:41:08]} 24. f4 {[%clk 0:51:55]} 24... Kf7 {[%clk 0:40:41]}
25. Rc4 {[%clk 0:49:16]} 25... Ra6 {[%clk 0:33:54]} 26. Nc5 {[%clk 0:47:45]}
26... Rxd3 {[%clk 0:31:46]} 27. Nxd3 {[%clk 0:48:10]} 27... Ke8 {[%clk 0:29:02]
} 28. c3 {[%clk 0:46:03]} 28... Rb6 {[%clk 0:27:48]} 29. Kc2 {[%clk 0:45:54]}
29... Kd7 {[%clk 0:24:06]} 30. a4 {[%clk 0:46:13]} 30... h6 {[%clk 0:22:55]}
31. h4 {[%clk 0:44:15]} 31... Ra6 {[%clk 0:19:42]} 32. Nc1 {[%clk 0:44:11]}
32... g6 {[%clk 0:18:27]} 33. Nb3 {[%clk 0:44:20]} 33... Bd6 {[%clk 0:18:28]}
34. g3 {[%clk 0:44:06]} 34... h5 {[%clk 0:17:06]} 35. Rc5 {[%clk 0:43:34]}
35... e5 {[%clk 0:15:22]} 36. fxe5 {[%clk 0:43:40]} 36... fxe5 {[%clk 0:15:44]}
37. Rc4 {[%clk 0:42:32]} 37... Ra8 {[%clk 0:13:36]} 38. g4 {[%clk 0:41:46]}
38... Be7 {[%clk 0:10:13]} 39. g5 {[%clk 0:36:11]} 39... Bd6 {[%clk 0:09:18]}
40. Re4 {[%clk 0:35:58]} 40... Ke6 {[%clk 0:07:21]} 41. Re1 {[%clk 0:32:31]}
41... Be7 {[%clk 0:04:06]} 42. Nd2 {[%clk 0:27:52]} 42... Rd8 {[%clk 0:01:50]}
43. Nc4 {[%clk 0:25:59]} 43... Rd5 {[%clk 0:02:06]} 44. Rf1 {[%clk 0:22:06]}
44... e4 {[%clk 0:26:31]} 45. Rf4 {[%clk 0:51:17]} 45... Rf5 {[%clk 0:19:32]}
46. Rxe4+ {[%clk 0:50:45]} 46... Kd5 {[%clk 0:19:22]} 47. Rd4+ {[%clk 0:43:45]}
47... Ke6 {[%clk 0:19:02]} 48. Nd2 {[%clk 0:42:48]} 48... Bd6 {[%clk 0:15:53]}
49. Re4+ {[%clk 0:41:17]} 49... Kd7 {[%clk 0:16:11]} 50. b4 {[%clk 0:38:37]}
50... Bc7 {[%clk 0:14:34]} 51. Kd3 {[%clk 0:33:03]} 51... Bd6 {[%clk 0:13:50]}
52. Ke2 {[%clk 0:31:17]} 52... Be5 {[%clk 0:13:19]} 53. Rc4 {[%clk 0:30:15]}
53... Bc7 {[%clk 0:10:24]} 54. Ne4 {[%clk 0:28:56]} 54... Bd8 {[%clk 0:08:43]}
55. Nc5+ {[%clk 0:28:17]} 55... Kc8 {[%clk 0:08:32]} 56. Nd3 {[%clk 0:28:01]}
56... Kd7 {[%clk 0:07:59]} 57. Nf4 {[%clk 0:27:44]} 57... Bb6 {[%clk 0:05:37]}
58. Re4 {[%clk 0:25:37]} 58... axb4 {[%clk 0:04:41]} 59. cxb4 {[%clk 0:25:52]}
59... Ba7 {[%clk 0:04:58]} 60. Nxg6 {[%clk 0:25:42]} 60... Rf2+ {[%clk 0:05:26]
} 61. Kd3 {[%clk 0:25:58]} 61... Rf3+ {[%clk 0:04:57]} 62. Kc4 {[%clk 0:26:05]}
62... Bb8 {[%clk 0:05:03]} 63. Re7+ {[%clk 0:25:24]} 63... Kd8 {[%clk 0:05:24]}
64. a5 {[%clk 0:22:51]} 64... Rf1 {[%clk 0:05:13]} 65. Re4 {[%clk 0:18:28]}
65... Rc1+ {[%clk 0:05:20]} 66. Kb3 {[%clk 0:18:46]} 66... Rb1+ {[%clk 0:05:41]
} 67. Kc2 {[%clk 0:18:50]} 67... Rh1 {[%clk 0:05:54]} 68. Nf4 {[%clk 0:18:17]}
68... Ba7 {[%clk 0:05:22]} 69. Nd3 {[%clk 0:17:57]} 69... Rh2+ {[%clk 0:05:38]}
70. Kb3 {[%clk 0:18:25]} 70... Rh3 {[%clk 0:05:51]} 71. Kc4 {[%clk 0:18:42]}
71... Rh2 {[%clk 0:06:13]} 72. Ne5 {[%clk 0:18:20]} 72... Kc7 {[%clk 0:06:20]}
73. g6 {[%clk 0:17:57]} 73... Rc2+ {[%clk 0:06:35]} 74. Kb3 {[%clk 0:17:58]}
74... Rg2 {[%clk 0:06:55]} 75. Rc4 {[%clk 0:17:43]} 75... Rg3+ {[%clk 0:07:02]}
76. Ka4 {[%clk 0:17:52]} 76... Kd6 {[%clk 0:06:37]} 77. Nxc6 {[%clk 0:17:32]}
77... Be3 {[%clk 0:06:23]} 78. b5 {[%clk 0:16:06]} 78... Rg1 {[%clk 0:05:43]}
79. b6 {[%clk 0:14:31]} 79... Ra1+ {[%clk 0:05:10]} 80. Kb5 {[%clk 0:14:56]}
80... Rb1+ {[%clk 0:05:33]} 81. Ka6 {[%clk 0:14:52]} 81... Ke6 {[%clk 0:05:49]}
82. b7 {[%clk 0:15:08]} 82... Kf6 {[%clk 0:06:11]} 83. b8=Q {[%clk 0:15:30]}
1-0

[Event "DEM U14 2018"]
[Site "Willingen GER"]
[Date "2018.05.25"]
[Round "8"]
[White "Pubantz, Jan"]
[Black "Wu, Luka"]
[Result "1-0"]
[Termination "normal"]
[Board "11"]
[WhiteElo "2107"]
[BlackElo "1953"]
[WhiteClock "00:17:31"]
[BlackClock "00:12:12"]
[PlyCount "45"]
[WhiteFideId "12996114"]
[BlackFideId "12977420"]
[EventCountry "GER"]
[EventRounds "9"]
[EventType "swiss"]
[EventDate "2018.05.19"]

1. d4 {[%clk 1:30:58]} 1... Nf6 {[%clk 1:30:56]} 2. c4 {[%clk 1:31:23]} 2... e6
{[%clk 1:31:23]} 3. Nf3 {[%clk 1:31:46]} 3... b6 {[%clk 1:31:38]} 4. g3 { [%clk
1:31:53]} 4... Ba6 {[%clk 1:31:49]} 5. Qc2 {[%clk 1:29:25]} 5... Bb7 { [%clk
1:32:07]} 6. Bg2 {[%clk 1:28:38]} 6... Be7 {[%clk 1:31:37]} 7. O-O { [%clk
1:28:10]} 7... d5 {[%clk 1:24:57]} 8. cxd5 {[%clk 1:10:36]} 8... exd5 { [%clk
1:23:50]} 9. Bf4 {[%clk 1:05:52]} 9... Bd6 {[%clk 1:14:30]} 10. Bxd6 { [%clk
1:01:41]} 10... Qxd6 {[%clk 1:14:50]} 11. Nc3 {[%clk 1:02:05]} 11... a6 { [%clk
1:10:39]} 12. Nd2 {[%clk 0:49:46]} 12... Nc6 {[%clk 0:31:06]} 13. e4 { [%clk
0:46:55]} 13... dxe4 {[%clk 0:31:09]} 14. Ndxe4 {[%clk 0:45:40]} 14... Nxe4
{[%clk 0:31:05]} 15. Nxe4 {[%clk 0:38:10]} 15... Qg6 {[%clk 0:29:26]} 16. d5
{[%clk 0:32:45]} 16... Ne7 {[%clk 0:15:08]} 17. Qxc7 {[%clk 0:32:35]} 17...
Bxd5 {[%clk 0:15:31]} 18. Nd6+ {[%clk 0:17:33]} 18... Kf8 {[%clk 0:15:56]} 19.
Rfe1 {[%clk 0:17:11]} 19... Qf6 {[%clk 0:15:30]} 20. Bxd5 {[%clk 0:16:51]}
20... Nxd5 {[%clk 0:15:54]} 21. Qc6 {[%clk 0:16:50]} 21... Nc7 {[%clk 0:11:50]}
22. Qxa8+ {[%clk 0:17:05]} 22... Nxa8 {[%clk 0:12:12]} 23. Re8# {[%clk 0:17:31]
} 1-0

[Event "DEM U14 2018"]
[Site "Willingen GER"]
[Date "2018.05.25"]
[Round "8"]
[White "Astner, Sebastian"]
[Black "Weihrauch, Jakob"]
[Result "1/2-1/2"]
[Termination "normal"]
[Board "12"]
[WhiteElo "1860"]
[BlackElo "2136"]
[WhiteClock "00:31:07"]
[BlackClock "00:05:22"]
[PlyCount "48"]
[WhiteFideId "12979422"]
[BlackFideId "16210115"]
[EventCountry "GER"]
[EventRounds "9"]
[EventType "swiss"]
[EventDate "2018.05.19"]

1. e4 {[%clk 1:30:58]} 1... e5 {[%clk 1:30:51]} 2. Bc4 {[%clk 1:31:19]} 2...
Nf6 {[%clk 1:30:50]} 3. d4 {[%clk 1:31:10]} 3... exd4 {[%clk 1:21:34]} 4. Nf3 {
[%clk 1:31:02]} 4... Nc6 {[%clk 1:15:09]} 5. e5 {[%clk 1:29:19]} 5... d5 {
[%clk 1:15:25]} 6. Bb5 {[%clk 1:29:17]} 6... Ne4 {[%clk 1:15:47]} 7. Nxd4 {
[%clk 1:27:33]} 7... Bd7 {[%clk 1:16:03]} 8. Bxc6 {[%clk 1:25:53]} 8... bxc6 {
[%clk 1:15:33]} 9. O-O {[%clk 1:24:37]} 9... Bc5 {[%clk 1:14:58]} 10. Be3 {
[%clk 1:23:07]} 10... Qb8 {[%clk 0:49:11]} 11. Nc3 {[%clk 1:16:38]} 11... Nxc3
{[%clk 0:40:29]} 12. bxc3 {[%clk 1:16:57]} 12... Bb6 {[%clk 0:39:04]} 13. e6 {
[%clk 1:09:09]} 13... Bxe6 {[%clk 0:26:39]} 14. Qh5 {[%clk 1:02:25]} 14... Bxd4
{[%clk 0:24:14]} 15. Bxd4 {[%clk 1:02:25]} 15... Kd7 {[%clk 0:13:03]} 16. f4 {
[%clk 0:57:54]} 16... g6 {[%clk 0:10:15]} 17. Qh4 {[%clk 0:51:48]} 17... Rg8 {
[%clk 0:09:37]} 18. Rae1 {[%clk 0:49:01]} 18... h5 {[%clk 0:07:20]} 19. f5 {
[%clk 0:39:34]} 19... gxf5 {[%clk 0:07:36]} 20. Rxf5 {[%clk 0:31:33]} 20...
Bxf5 {[%clk 0:07:39]} 21. Qe7+ {[%clk 0:31:55]} 21... Kc8 {[%clk 0:08:04]} 22.
Qxf7 {[%clk 0:32:15]} 22... Bxc2 {[%clk 0:07:45]} 23. Qxg8+ {[%clk 0:31:56]}
23... Kb7 {[%clk 0:08:09]} 24. Qg5 {[%clk 0:31:07]} 24... Qf8 {[%clk 0:05:22]}
1/2-1/2

[Event "DEM U14 2018"]
[Site "Willingen GER"]
[Date "2018.05.25"]
[Round "8"]
[White "Morgenstern, Tobias"]
[Black "Popist, Florian"]
[Result "0-1"]
[Termination "normal"]
[Board "14"]
[WhiteElo "1730"]
[BlackElo "1850"]
[WhiteClock "00:01:21"]
[BlackClock "00:14:16"]
[PlyCount "80"]
[WhiteFideId "12974390"]
[BlackFideId "16203518"]
[EventCountry "GER"]
[EventRounds "9"]
[EventType "swiss"]
[EventDate "2018.05.19"]

1. e4 {[%clk 1:30:55]} 1... c5 {[%clk 1:30:55]} 2. Nf3 {[%clk 1:31:20]} 2... e6
{[%clk 1:31:17]} 3. d4 {[%clk 1:31:43]} 3... cxd4 {[%clk 1:31:39]} 4. Nxd4 {
[%clk 1:32:07]} 4... Nc6 {[%clk 1:31:57]} 5. Nc3 {[%clk 1:29:45]} 5... Qc7 {
[%clk 1:32:15]} 6. Be3 {[%clk 1:28:48]} 6... a6 {[%clk 1:32:37]} 7. a3 { [%clk
1:26:48]} 7... b5 {[%clk 1:29:03]} 8. Be2 {[%clk 1:23:16]} 8... Bb7 { [%clk
1:28:17]} 9. f4 {[%clk 1:19:12]} 9... d6 {[%clk 1:22:53]} 10. Qd2 { [%clk
1:10:48]} 10... Be7 {[%clk 1:22:22]} 11. O-O-O {[%clk 1:08:06]} 11... Nf6
{[%clk 1:19:03]} 12. Nxc6 {[%clk 1:01:34]} 12... Bxc6 {[%clk 1:17:21]} 13. Bf3
{[%clk 1:01:03]} 13... O-O {[%clk 1:14:27]} 14. g4 {[%clk 0:58:59]} 14... Rfc8
{[%clk 1:10:34]} 15. f5 {[%clk 0:53:07]} 15... Nd7 {[%clk 1:07:33]} 16. Bd4 {
[%clk 0:50:45]} 16... a5 {[%clk 1:03:46]} 17. g5 {[%clk 0:40:09]} 17... e5 {
[%clk 0:50:59]} 18. Be3 {[%clk 0:39:26]} 18... b4 {[%clk 0:50:58]} 19. Nb1 {
[%clk 0:33:15]} 19... Ba4 {[%clk 0:49:04]} 20. c3 {[%clk 0:30:36]} 20... Bxd1 {
[%clk 0:48:49]} 21. Rxd1 {[%clk 0:30:31]} 21... Bf8 {[%clk 0:45:46]} 22. g6 {
[%clk 0:22:37]} 22... fxg6 {[%clk 0:40:21]} 23. fxg6 {[%clk 0:22:05]} 23... h6
{[%clk 0:40:29]} 24. Bg4 {[%clk 0:21:08]} 24... Nf6 {[%clk 0:28:18]} 25. Bxc8 {
[%clk 0:19:08]} 25... Rxc8 {[%clk 0:28:14]} 26. Rf1 {[%clk 0:17:58]} 26... Qc4
{[%clk 0:25:49]} 27. Rxf6 {[%clk 0:04:15]} 27... gxf6 {[%clk 0:24:13]} 28. Bxh6
{[%clk 0:04:21]} 28... b3 {[%clk 0:16:18]} 29. Bxf8 {[%clk 0:01:53]} 29... Qf1+
{[%clk 0:15:49]} 30. Qd1 {[%clk 0:02:18]} 30... Qxd1+ {[%clk 0:15:51]} 31. Kxd1
{[%clk 0:02:43]} 31... Kxf8 {[%clk 0:15:55]} 32. h4 {[%clk 0:01:21]} 32... Kg7
{[%clk 0:16:14]} 33. h5 {[%clk 0:01:09]} 33... Kh6 {[%clk 0:15:29]} 34. Nd2 {
[%clk 0:01:34]} 34... a4 {[%clk 0:15:44]} 35. Nf1 {[%clk 0:00:58]} 35... Kxh5 {
[%clk 0:15:03]} 36. Ng3+ {[%clk 0:00:32]} 36... Kxg6 {[%clk 0:14:57]} 37. Nf5 {
[%clk 0:00:55]} 37... Rh8 {[%clk 0:14:38]} 38. Kd2 {[%clk 0:00:47]} 38... Rh2+
{[%clk 0:14:16]} 39. Kc1 {[%clk 0:01:07]} 39... Rh1+ {[%clk 0:14:19]} 40. Kd2 {
[%clk 0:01:21]} 40... Rb1 {[%clk 0:14:16]} 0-1

[Event "DEM U14 2018"]
[Site "Willingen GER"]
[Date "2018.05.25"]
[Round "8"]
[White "Block, Timo"]
[Black "Musiolik, David"]
[Result "0-1"]
[Termination "normal"]
[Board "15"]
[WhiteElo "1769"]
[BlackElo "2089"]
[WhiteClock "00:13:13"]
[BlackClock "00:47:59"]
[PlyCount "74"]
[WhiteFideId "16201116"]
[BlackFideId "12972355"]
[EventCountry "GER"]
[EventRounds "9"]
[EventType "swiss"]
[EventDate "2018.05.19"]

1. e4 {[%clk 1:30:57]} 1... e6 {[%clk 1:30:53]} 2. d4 {[%clk 1:31:20]} 2... d5
{[%clk 1:31:20]} 3. e5 {[%clk 1:31:40]} 3... c5 {[%clk 1:31:47]} 4. c3 { [%clk
1:32:02]} 4... Nc6 {[%clk 1:32:13]} 5. Nf3 {[%clk 1:32:23]} 5... Qb6 { [%clk
1:32:36]} 6. Be2 {[%clk 1:32:18]} 6... cxd4 {[%clk 1:31:38]} 7. cxd4 { [%clk
1:31:03]} 7... Nh6 {[%clk 1:31:27]} 8. Bxh6 {[%clk 1:27:20]} 8... Qxb2 { [%clk
1:29:45]} 9. Bxg7 {[%clk 1:25:23]} 9... Bxg7 {[%clk 1:29:29]} 10. Nbd2 { [%clk
1:24:09]} 10... Nxd4 {[%clk 1:28:45]} 11. Qa4+ {[%clk 1:22:32]} 11... Nc6
{[%clk 1:25:29]} 12. Rb1 {[%clk 1:20:04]} 12... Qc3 {[%clk 1:23:59]} 13. O-O {
[%clk 1:18:08]} 13... O-O {[%clk 1:18:20]} 14. Rfc1 {[%clk 1:07:25]} 14... Qa5
{[%clk 1:17:47]} 15. Qxa5 {[%clk 1:05:07]} 15... Nxa5 {[%clk 1:18:10]} 16. Bb5
{[%clk 1:05:07]} 16... a6 {[%clk 1:17:47]} 17. Ba4 {[%clk 1:03:22]} 17... b5 {
[%clk 1:17:51]} 18. Bc2 {[%clk 0:59:49]} 18... Nc4 {[%clk 1:15:28]} 19. Nxc4 {
[%clk 0:55:52]} 19... bxc4 {[%clk 1:14:27]} 20. Re1 {[%clk 0:49:57]} 20... Bd7
{[%clk 1:11:11]} 21. Nd4 {[%clk 0:48:18]} 21... Rfb8 {[%clk 1:09:29]} 22. f4 {
[%clk 0:46:05]} 22... Bf8 {[%clk 1:09:05]} 23. Kf1 {[%clk 0:37:58]} 23... Bc5 {
[%clk 1:07:43]} 24. Nf3 {[%clk 0:35:44]} 24... d4 {[%clk 1:03:08]} 25. Be4 {
[%clk 0:32:00]} 25... Rxb1 {[%clk 1:02:57]} 26. Rxb1 {[%clk 0:31:49]} 26... Rc8
{[%clk 1:02:32]} 27. Ke1 {[%clk 0:26:01]} 27... Bc6 {[%clk 0:56:55]} 28. Bxc6 {
[%clk 0:21:29]} 28... Rxc6 {[%clk 0:57:24]} 29. Kd2 {[%clk 0:21:30]} 29... a5 {
[%clk 0:50:40]} 30. Rd1 {[%clk 0:18:24]} 30... Bb4+ {[%clk 0:47:30]} 31. Kc1 {
[%clk 0:17:43]} 31... d3 {[%clk 0:47:15]} 32. g3 {[%clk 0:15:53]} 32... Ba3+ {
[%clk 0:47:04]} 33. Kd2 {[%clk 0:15:02]} 33... c3+ {[%clk 0:47:11]} 34. Kxd3 {
[%clk 0:14:22]} 34... c2 {[%clk 0:47:37]} 35. Re1 {[%clk 0:14:04]} 35... c1=Q {
[%clk 0:47:50]} 36. Rxc1 {[%clk 0:14:27]} 36... Rxc1 {[%clk 0:47:52]} 37. Kd2 {
[%clk 0:13:13]} 37... Ra1 {[%clk 0:47:59]} 0-1

[Event "DEM U14 2018"]
[Site "Willingen GER"]
[Date "2018.05.25"]
[Round "8"]
[White "Arakelian, Aik"]
[Black "Haufe, Laurin"]
[Result "0-1"]
[Termination "normal"]
[Board "16"]
[WhiteElo "1932"]
[BlackElo "1814"]
[PlyCount "56"]
[WhiteFideId "16220340"]
[BlackFideId "12976504"]
[EventCountry "GER"]
[EventRounds "9"]
[EventType "swiss"]
[EventDate "2018.05.19"]

1. e4 e5 2. Nf3 Nc6 3. Bb5 a6 4. Ba4 Nf6 5. d3 b5 6. Bb3 Be7 7. c3 O-O 8. O-O
Re8 9. Re1 d6 10. Nbd2 Bg4 11. Nf1 Na5 12. Bc2 c6 13. h3 Bd7 14. Ng3 g6 15. d4
Qc7 16. Bg5 c5 17. dxe5 dxe5 18. Nxe5 Qxe5 19. Bxf6 Bxf6 20. Qxd7 Red8 21. Qg4
Rd2 22. f4 Qc7 23. Rac1 Qc6 24. Nf1 h5 25. Qg3 Rad8 26. Nxd2 Rxd2 27. e5 Bh4
28. Qf3 Qxf3 0-1

[Event "DEM U14 2018"]
[Site "Willingen GER"]
[Date "2018.05.25"]
[Round "8"]
[White "Jeschke, Jan"]
[Black "Liebold, Aaron"]
[Result "1/2-1/2"]
[Termination "normal"]
[Board "17"]
[WhiteElo "1356"]
[BlackElo "1874"]
[PlyCount "74"]
[WhiteFideId "16225430"]
[BlackFideId "12997846"]
[EventCountry "GER"]
[EventRounds "9"]
[EventType "swiss"]
[EventDate "2018.05.19"]

1. e4 c5 2. d4 cxd4 3. c3 Nf6 4. e5 Nd5 5. cxd4 e6 6. Bd3 b6 7. Nf3 Ba6 8. Nc3
Nxc3 9. bxc3 Qc7 10. Bxa6 Nxa6 11. Qd3 Be7 12. Bg5 Qb7 13. Bxe7 Kxe7 14. O-O
Rac8 15. c4 f6 16. exf6+ gxf6 17. Nd2 d6 18. Rae1 Rcg8 19. Qh3 Qd7 20. Ne4 Rg6
21. f4 Rhg8 22. g3 Kd8 23. f5 exf5 24. Qxf5 Qxf5 25. Rxf5 Re8 26. Kf1 Nb4 27.
Nxf6 Rxe1+ 28. Kxe1 Nc2+ 29. Kd2 Nxd4 30. Rf4 Ne6 31. Rf1 Rg5 32. Nd5 Rg4 33.
Kc3 Rg7 34. Kb4 Kd7 35. a3 Nc5 36. Rf8 Ke6 37. Kc3 Na4+ 1/2-1/2

[Event "DEM U14 2018"]
[Site "Willingen GER"]
[Date "2018.05.25"]
[Round "8"]
[White "Kotyk, Michael"]
[Black "Kamp, Adrian"]
[Result "1-0"]
[Termination "normal"]
[Board "18"]
[WhiteElo "2064"]
[BlackElo "1827"]
[PlyCount "33"]
[WhiteFideId "16214501"]
[BlackFideId "16222466"]
[EventCountry "GER"]
[EventRounds "9"]
[EventType "swiss"]
[EventDate "2018.05.19"]

1. d4 Nf6 2. c4 g6 3. Nc3 d5 4. Nf3 Bg7 5. h4 O-O 6. h5 c5 7. hxg6 hxg6 8. dxc5
Qa5 9. cxd5 Nxd5 10. Qxd5 Bxc3+ 11. Bd2 Rd8 12. Qg5 Bxd2+ 13. Nxd2 Bf5 14. Qh6
f6 15. e4 g5 16. Bc4+ e6 17. b4 1-0

[Event "DEM U14 2018"]
[Site "Willingen GER"]
[Date "2018.05.25"]
[Round "8"]
[White "Hinrichs, Paul"]
[Black "Khachatryan, Taron"]
[Result "1-0"]
[Termination "normal"]
[Board "19"]
[WhiteElo "1928"]
[BlackElo "1745"]
[PlyCount "65"]
[WhiteFideId "12942545"]
[BlackFideId "16216598"]
[EventCountry "GER"]
[EventRounds "9"]
[EventType "swiss"]
[EventDate "2018.05.19"]

1. d4 Nf6 2. c4 e6 3. Nc3 d5 4. cxd5 exd5 5. Bg5 Be7 6. e3 Nbd7 7. Bd3 h6 8.
Bh4 c6 9. Qc2 b6 10. Nf3 Bb7 11. O-O-O Rc8 12. Kb1 b5 13. Rhg1 b4 14. Na4 c5
15. dxc5 g5 16. Bg3 Nxc5 17. Bb5+ Kf8 18. Qe2 Qa5 19. Nxc5 Rxc5 20. Nd4 Qb6 21.
Be5 Bc8 22. Rc1 Rg8 23. Rxc5 Bxc5 24. Bxf6 Qxf6 25. Rc1 Qe7 26. Nb3 Bf5+ 27.
Bd3 Bxd3+ 28. Qxd3 Bd6 29. Qxd5 Rg6 30. Nd4 Qf6 31. Nf5 Kg8 32. Rc6 Qe5 33.
Rxd6 1-0

[Event "DEM U14 2018"]
[Site "Willingen GER"]
[Date "2018.05.25"]
[Round "8"]
[White "Breitzmann, Sander"]
[Black "Reimer, Philip"]
[Result "1-0"]
[Termination "normal"]
[Board "20"]
[WhiteElo "1858"]
[BlackElo "1580"]
[PlyCount "97"]
[WhiteFideId "12987085"]
[BlackFideId "16235860"]
[EventCountry "GER"]
[EventRounds "9"]
[EventType "swiss"]
[EventDate "2018.05.19"]

1. e4 c5 2. Nf3 e6 3. c4 Nc6 4. Nc3 Nf6 5. Be2 Be7 6. O-O O-O 7. Kh1 d5 8. exd5
exd5 9. d4 dxc4 10. d5 Na5 11. Ne5 a6 12. Bf3 Bd6 13. Ng4 Nxg4 14. Bxg4 Qh4 15.
h3 f5 16. g3 Qf6 17. Bf3 b5 18. Ne2 Nb7 19. Nf4 Bxf4 20. Bxf4 Nd6 21. Re1 Ne4
22. Bxe4 fxe4 23. Rxe4 Bf5 24. Re3 Rae8 25. Qd2 Rxe3 26. Bxe3 Be4+ 27. Kh2 Qf3
28. Rg1 Bxd5 29. Bxc5 Re8 30. Be3 Re5 31. Qd4 Rf5 32. a3 h6 33. Qb6 Kh7 34. Qa7
Rh5 35. Qd7 Rf5 36. Qa7 a5 37. g4 Rg5 38. Bxg5 hxg5 39. Qe3 Qf7 40. Re1 Qc7+
41. Qe5 Qc5 42. Re2 b4 43. axb4 axb4 44. Rd2 c3 45. bxc3 bxc3 46. Qf5+ g6 47.
Rxd5 Qb6 48. Rd7+ Kh6 49. Qf8# 1-0

[Event "DEM U14 2018"]
[Site "Willingen GER"]
[Date "2018.05.25"]
[Round "8"]
[White "Kirchner, Markus"]
[Black "Hetzner, Hannes"]
[Result "1-0"]
[Termination "normal"]
[Board "21"]
[WhiteElo "1851"]
[BlackElo "1868"]
[PlyCount "69"]
[WhiteFideId "12979163"]
[BlackFideId "16211936"]
[EventCountry "GER"]
[EventRounds "9"]
[EventType "swiss"]
[EventDate "2018.05.19"]

1. e4 e6 2. d4 d5 3. Nd2 Nf6 4. e5 Nfd7 5. Bd3 c5 6. c3 Nc6 7. Ne2 cxd4 8. cxd4
f6 9. Nf4 Nxd4 10. Qh5+ Ke7 11. exf6+ Nxf6 12. Ng6+ hxg6 13. Qxh8 Kf7 14. O-O
e5 15. Nb3 Bf5 16. Nxd4 Bxd3 17. Qh3 Bf5 18. Nxf5 gxf5 19. Qxf5 Qc7 20. Bg5 Be7
21. Rac1 Qd6 22. Rfd1 Rh8 23. Bxf6 Bxf6 24. h3 Rd8 25. Rc2 Qd7 26. Qd3 d4 27.
Re2 Rc8 28. Rc2 Ke8 29. Rdc1 Rxc2 30. Rxc2 Bd8 31. Re2 Bf6 32. f4 Qc7 33. fxe5
Qc1+ 34. Kh2 Qf4+ 35. g3 1-0

[Event "DEM U14 2018"]
[Site "Willingen GER"]
[Date "2018.05.25"]
[Round "8"]
[White "Sperling, Niclas"]
[Black "Silini, Jalel"]
[Result "0-1"]
[Termination "normal"]
[Board "22"]
[WhiteElo "1548"]
[BlackElo "1731"]
[PlyCount "102"]
[WhiteFideId "16204000"]
[BlackFideId "16215397"]
[EventCountry "GER"]
[EventRounds "9"]
[EventType "swiss"]
[EventDate "2018.05.19"]

1. e4 e5 2. Nf3 Nc6 3. Bb5 a6 4. Ba4 Nf6 5. O-O Bc5 6. d3 b5 7. Bb3 d6 8. c3
Bg4 9. Nbd2 O-O 10. Re1 Ne7 11. Nf1 Ng6 12. h3 Bxf3 13. Qxf3 h6 14. Ng3 Nh4 15.
Qe2 c6 16. Be3 Bxe3 17. Qxe3 Qc7 18. a4 Rfb8 19. a5 c5 20. Bd1 c4 21. d4 b4 22.
dxe5 dxe5 23. Nf5 Nxf5 24. exf5 bxc3 25. Qxc3 Rb5 26. b3 Rc5 27. bxc4 Rxc4 28.
Qxe5 Re8 29. Qxe8+ Nxe8 30. Rxe8+ Kh7 31. Bf3 Rc1+ 32. Rxc1 Qxc1+ 33. Kh2 Qf4+
34. Kg1 Qc1+ 35. Kh2 Qc5 36. Ra8 Qxa5 37. Ra7 Qe5+ 38. g3 Qc5 39. Rxf7 Qxf2+
40. Bg2 Kg8 41. Re7 a5 42. Re5 a4 43. Ra5 Qc2 44. Ra8+ Kf7 45. Ra7+ Kf6 46. h4
Qb3 47. Rb7 Qa2 48. Kh3 a3 49. g4 Qc4 50. Rb6+ Ke5 51. Re6+ Kf4 0-1

[Event "DEM U14 2018"]
[Site "Willingen GER"]
[Date "2018.05.25"]
[Round "8"]
[White "Klaas, Heiko"]
[Black "Bornholdt, Joa Max"]
[Result "1/2-1/2"]
[Termination "normal"]
[Board "23"]
[WhiteElo "1773"]
[BlackElo "1672"]
[PlyCount "93"]
[WhiteFideId "16215940"]
[BlackFideId "16253477"]
[EventCountry "GER"]
[EventRounds "9"]
[EventType "swiss"]
[EventDate "2018.05.19"]

1. e4 g6 2. d4 Bg7 3. Nc3 d6 4. Bg5 a6 5. Qd2 Nc6 6. Nge2 Bd7 7. g3 h6 8. Be3
Nf6 9. f4 b5 10. e5 Ng4 11. a4 Nxe3 12. Qxe3 Nb4 13. Qd2 Bf5 14. Rc1 dxe5 15.
fxe5 bxa4 16. Nxa4 a5 17. Nc5 Qd5 18. Rg1 Qa2 19. c3 Nd5 20. Bg2 Rb8 21. b3
Qxd2+ 22. Kxd2 c6 23. Ra1 h5 24. Rxa5 Bh6+ 25. Nf4 Nxf4 26. Bxc6+ Kd8 27. gxf4
Bxf4+ 28. Ke2 Bxh2 29. Rga1 Rc8 30. Bb7 Kc7 31. Bxc8 Rxc8 32. Ra7+ Kd8 33. Ra8
h4 34. b4 Bg4+ 35. Kf2 Bg3+ 36. Kg2 Bf4 37. Rxc8+ Bxc8 38. Nd3 h3+ 39. Kf2 Bd2
40. Kg3 Bf5 41. Nf2 Kd7 42. Nxh3 Bxc3 43. Ra7+ Kc6 44. Rxe7 Bxd4 45. Ng5 f6 46.
Nf7 fxe5 47. Rxe5 1/2-1/2